FETİH VE KIYAMET (Record no. 683350)

MARC details
000 -LEADER
sabit uzunluktaki kontrol alanı 00246nam a2200097Ia 4500
001 - KONTROL NUMARASI
kontrol alanı 683350
005 - EN SON İŞLEMİN TARİH VE ZAMANI
kontrol alanı 20250826161436.0
008 - SABİT-UZUNLUKTA VERİ ÖĞELERİ--GENEL BİLGİ
sabit uzunluktaki kontrol alanı 250824s9999 xx 000 0 und d
245 #0 - ESER / YAZAR
ESER ADI FETİH VE KIYAMET
Yazar Adı FERİDUN M. EMECEN
260 ## - YAYIN, DAĞITIM, VB.
YAYIN EVİ TİMAŞ YAYINLARI
Holdings
Düşüm durumu Kayıp durumu Hasar Durumu Ödünç verilmez Ana kütüphane Geçerli Kütüphane Edinilen tarih Toplam ödünç verme sayısı Barkod Son görüntüleme tarihi Fiyatın geçerli olmaya başladığı tarih Koha materyal türü Sınıflandırma Kaynağı veya raf şeması Son ödünç verme tarihi
        ADNAN AKGÜL ÖZEL EĞİTİM MESLEK LİSESİ ADNAN AKGÜL ÖZEL EĞİTİM MESLEK LİSESİ 24.08.2025   1018603 26.08.2025 26.08.2025 Books    
        M. HALİL İBRAHİM HEKİMOĞLU MESLEKİ VE TEKNİK A. L. M. HALİL İBRAHİM HEKİMOĞLU MESLEKİ VE TEKNİK A. L. 18.12.2025 1 10174281 05.01.2026 18.12.2025 Books Dewey Ondalık Sınıflama 18.12.2025